[Event "August 1800+"]
[Site "SchemingMind.com"]
[Date "2015.08.23"]
[Round "-"]
[White "David Carter"]
[Black "shg"]
[Result "0-1"]
[WhiteCountry "USA"]
[BlackCountry "POL"]
[WhiteElo "2038"]
[WhiteRD "83"]
[BlackElo "2381"]
[BlackRD "76"]
[GameID "386336"]

1. d4 Nf6 2. c4 e6 3. Nc3 Bb4 4. e3 O-O 5. Bd3 d5 6. Nf3 c5 7. O-O Nc6 8. a3 Bxc3 9. bxc3 Qc7 10. Bb2 Na5
11. cxd5 c4 12. Bc2 exd5 13. Ne5 Ne4 14. f3 Nd6 15. Qe1 Nb3 16. Rd1 f6 17. Qh4 Bf5 18. e4 fxe5 19. dxe5 Bxe4 20. fxe4 Nxe4
21. Bxe4 dxe4 22. Qxe4 Qc5+ 23. Kh1 Nd2 24. Rxf8+ Rxf8 25. Qd4 Qxd4 26. cxd4 c3
0-1

[Event "August 1800+"]
[Site "SchemingMind.com"]
[Date "2015.08.23"]
[Round "-"]
[White "shg"]
[Black "David Carter"]
[Result "1-0"]
[WhiteCountry "POL"]
[BlackCountry "USA"]
[WhiteElo "2381"]
[WhiteRD "76"]
[BlackElo "2038"]
[BlackRD "83"]
[GameID "386337"]

1. d4 d5 2. c4 c6 3. Nf3 Nf6 4. Nc3 dxc4 5. e4 b5 6. e5 Nd5 7. a4 e6 8. axb5 Nxc3 9. bxc3 cxb5 10. Ng5 Bb7
11. Qh5 g6 12. Qg4 Be7 13. Be2 Bd5 14. Bf3 Nc6 15. Ne4 b4 16. Bh6 b3 17. O-O a5 18. Rfe1 a4 19. Nd6+
1-0